<?xml version="1.0" encoding="UTF-8"?>
<record
    xmlns:xsi="http://www.w3.org/2001/XMLSchema-instance"
    xsi:schemaLocation="http://www.loc.gov/MARC21/slim http://www.loc.gov/standards/marcxml/schema/MARC21slim.xsd"
    xmlns="http://www.loc.gov/MARC21/slim">

  <leader>01306nam a2200217 i 4500</leader>
  <controlfield tag="001">5316</controlfield>
  <controlfield tag="003">ES-MaACL</controlfield>
  <controlfield tag="005">20230908151200.0</controlfield>
  <controlfield tag="007">t|</controlfield>
  <controlfield tag="008">900503r19901930sp      b    ||||1| spa d</controlfield>
  <datafield tag="100" ind1="1" ind2=" ">
    <subfield code="a">Gallego Herrera, Fernando.</subfield>
    <subfield code="9">53571</subfield>
  </datafield>
  <datafield tag="245" ind1="1" ind2="0">
    <subfield code="a">Union de Espa&#xF1;a con Africa </subfield>
    <subfield code="b">: [Microforma] : Proyecto definitivo /</subfield>
    <subfield code="c">por Fernando Gallego Herrera, inventor del sistema y autor del proyecto.</subfield>
  </datafield>
  <datafield tag="260" ind1=" " ind2=" ">
    <subfield code="a">Madrid : </subfield>
    <subfield code="b">Ateneo Cientifico, Literario y Artistico, </subfield>
    <subfield code="c">1990.</subfield>
  </datafield>
  <datafield tag="300" ind1=" " ind2=" ">
    <subfield code="a">11 microfichas : </subfield>
    <subfield code="b">negativo.</subfield>
  </datafield>
  <datafield tag="500" ind1=" " ind2=" ">
    <subfield code="a">Reproduccion de ejemplar mecanografiado y 30 carpetas de planos editados por el propio autor en 1930.</subfield>
  </datafield>
  <datafield tag="505" ind1="8" ind2=" ">
    <subfield code="a">Microficha n. 1: Texto mecanografiado, carpetas 3 y 4 -- Microficha n. 2: Planos, carpetas 1 a 4 -- Microficha n. 3: Planos, carpetas 5 a 8 -- Microficha n. 4: Planos, carpetas 9 a 11 -- Microficha n. 5: Planos, carpetas 12 a 15 -- Microficha n. 6: Planos, carpetas 16 a 18 -- Microficha n. 7: Planos, carpetas 19 a 22 -- Microficha n. 8: Planos, carpetas 23 a 25 -- Microficha n. 9: Planos, carpetas 26 a 29 -- Microficha n. 10: Planos, carpetas 30 a 33 -- Microficha n. 11: Planos, carpetas 34 y 35</subfield>
  </datafield>
  <datafield tag="852" ind1=" " ind2=" ">
    <subfield code="a">ES-MaACL</subfield>
    <subfield code="j">MCF-63</subfield>
    <subfield code="9">5433 </subfield>
    <subfield code="c">DEPO1</subfield>
  </datafield>
  <datafield tag="942" ind1=" " ind2=" ">
    <subfield code="2">udc</subfield>
    <subfield code="c">MICROFORMA</subfield>
  </datafield>
  <datafield tag="999" ind1=" " ind2=" ">
    <subfield code="c">5316</subfield>
    <subfield code="d">5316</subfield>
  </datafield>
  <datafield tag="952" ind1=" " ind2=" ">
    <subfield code="0">0</subfield>
    <subfield code="1">0</subfield>
    <subfield code="4">0</subfield>
    <subfield code="7">0</subfield>
    <subfield code="a">ATENEOM</subfield>
    <subfield code="b">ATENEOM</subfield>
    <subfield code="c">DEPO1</subfield>
    <subfield code="d">2008-01-17</subfield>
    <subfield code="e">SC</subfield>
    <subfield code="l">0</subfield>
    <subfield code="o">MCF-63</subfield>
    <subfield code="p">1005379</subfield>
    <subfield code="r">2023-02-23 00:00:00</subfield>
    <subfield code="w">2023-02-23</subfield>
    <subfield code="y">MONOGRAFIA</subfield>
  </datafield>
</record>
